000 01349cam a2200349 a 4500
999 _c7377
_d7377
001 15925196
003 GZU
005 20210510102719.0
008 090928s2011 maua b 001 0 eng
010 _a 2009040368
020 _a9780132453233
020 _a013610729X
035 _a(OCoLC)ocn444115985
040 _aDLC
_cDLC
_dYDXCP
_dC#P
_dBWX
_dCDX
_dBTCTA
_dDLC
050 0 0 _aHD30.2
_b.TUR 2011
100 1 _aTurban, Efraim.
_eauthor
245 1 0 _aDecision support and business intelligence systems /
_cEfraim Turban, Ramesh Sharda, Dursun Delen ; with contributions by Jay E. Aronson, Ting-Peng Liang, David King.
250 _a9th ed.
260 _aBoston :
_bPrentice Hall,
_cc2011.
300 _axxii, 696 p. :
_bill. ;
_c26 cm.
500 _aRev. ed. of: Decision support and business intelligence systems / Efraim Turban ... [et al.]. 8th ed. c2007.
504 _aIncludes bibliographical references and index.
650 0 _aManagement
_xData processing.
650 0 _aDecision support systems.
650 0 _aExpert systems (Computer science)
650 0 _aBusiness intelligence.
700 1 _aSharda, Ramesh.
_eauthor
700 1 _aDelen, Dursun.
_eauthor
730 0 _aDecision support and business intelligence systems.
906 _a7
_bcbc
_corignew
_d1
_eecip
_f20
_gy-gencatlg
942 _2lcc
_cBK
_e9th edition
_h30.2
_iTUR
_kHD